Guess the flags hard - Statistics

General Stats
  • This quiz has been taken 222 times
  • The average score is 12 of 16
Answer Stats
Picture Answer % Correct
Bhutan
87%
Yemen
80%
Paraguay
79%
Oman
77%
Togo
75%
Guatemala
74%
Gabon
72%
Samoa
72%
Lesotho
71%
Guyana
70%
Malawi
70%
Sudan
70%
Puerto rico
69%
Benin
68%
Rwanda
63%
Grenada
62%
No matching quizzes found
Score Distribution
Percent of People with Each Score
Percentile by Number Answered
Your Score History
You have not taken this quiz